000 00783nam a2200193 a 4500
001 000041803
005 20201002035749.0
008 131017s1987 sp ac 001 0 spa d
020 _a8400064429
040 _aDO-SdBNP
_bspa
_cBNPHU
100 1 _aCuadrado Díaz, Emeterio
_968670
245 1 3 _aLa Necropolis Ibérica de «El Cigarralejo» (Mula, Murcia) /
_cEmeterio Cuadrado Díaz.
260 _aMadrid :
_bCentro de estudios históricos,
_c1987.
300 _a635, XXIV -46 p. :
_bil., retrs. ;
_c31 cm.
_e(46 p. : il.)
490 1 _aBibliotheca praehistorica hispana
_v23
504 _aIncluye referencias bibliográficas y notas al pie de las páginas
710 2 _aConsejo Surperior de Investigaciones Científicas
_967611
830 0 _aBibliotheca prehistorica hispana
_v23
_968671
999 _c41292
_d41292